00000000nam##2200000za#4500
0019.663099
003CaOODSP
00520200401083648
007ta
008150407|2001||||xxc|||||     f|0| 0 eng|d
020 |a0-662-65988-0
040 |aCaOODSP|beng
041 |aeng
041 |afre
043 |an-cn---
0861 |aSE1-5/1-2000-1
1101 |aCanada.|bElections Canada. |bChief Electoral Officer of Canada.
24510|aModernizing the electoral process : |brecommendations from the Chief Electoral Officer of Canada following the 37th general election
260 |aOttawa - Ontario : |bElections Canada. |c2001.
300 |aEnglish text, v, 172p. : |breferences ; |c28 cm.
546 |aBilingual
563 |aSpiral binding
590 |a02-01|b2002-01-04
69007|aElectoral system|2gcpds
69007|aElections|2gcpds
7760#|tModerniser le processus électoral : |w(CaOODSP)9.641802
7760#|tModernizing the electoral process : |w(CaOODSP)9.697800
792 |tModerniser le processus électoral : |efre|w(CaOODSP)9.663100